Statistiques concernant Les 10 joueurs avec le plus de présence dans le 11 type FIFA.

Cliquez ici pour prendre le quiz!

Statistiques générales

  • Ce quiz a été pris 333 fois
  • Le résultat moyen est 7 sur 10

Statistiques - réponses

Nombre de
Présence
JoueursAnnées% Correct
15Cristiano Ronaldo07/08/09/10/11/12/13/14/15/16/17/18/19/20/21
100%
16Lionel Messi07/08/09/10/11/12/13/14/15/16/17/18/19/20/21/22
100%
9Andres Iniesta09/10/11/12/13/14/15/16/17
86%
11Sergio Ramos08/11/12/13/14/15/16/17/18/19/20
83%
6Xavi08/09/10/11/12/13
83%
6Luka Modric15/16/17/18/19/22
79%
6Marcelo12/15/16/17/18/19
64%
8Dani Alves09/11/12/13/15/16/17/18
59%
5Iker Casillas08/09/10/11/12
55%
5John Terry05/06/07/08/09
8%

Distribution des résultats

Percentile par nombre de réponses

% des personnes avec chaque résultat

Votre développement - résultats

Vous n’avez pas pris ce quiz